00869nam a2200241Ia 450000500170000000800410001702000180005808200160007610000460009224501210013825000180025930000260027749000290030365000390033265000260037165000350039770000410043226400310047333600270050433700330053133800280056404000350059220220317001458.0161108s9999 xx 000 0 und d a978848191979004a142.7bH23f1 aHegel, Georg Wilhelm Friedrichd1770-183110aFenomenología del espíritucGeorg Wilhelm Friedrich Hegel ; edición y traducción de Manuel Jiménez Redondo a2a. edición a1182 páginasc23 cm aFilosofía : clásicos142LEMBaFilosofía de la religión142LEMBaFenomenología142LEMBaPsicología existencial1 aJiménez Redondo, Manueletraductor aValenciabPre-textosc2009 atextobtxt2rdacontent asin mediaciónbn2rdamedia avolumenbnc2rdacarrier aCO-BoRNBPbspaerdacCO-BoRNBP